Toutes les préfectures françaises par communes frontalières - Statistiques

Statistiques générales
  • Ce quiz a été pris 54 fois
  • Le résultat moyen est 54 sur 101
Statistiques - réponses
Communes limitrophes Préfecture % Correct
Eschau, Illkirch-Graffenstaden, Ostwald, Lingolsheim, Eckbolsheim, Oberhausbergen, Schiltigheim, Bischheim, La Wantzenau Strasbourg
89%
Mettray, Notre-Dame-d'Oé, Parçay-Meslay, Rochecorbon, Saint-Pierre-des-Corps, Saint-Avertin, Chambray-lès-..., Joué-lès-..., La Riche, Saint-Cyr-sur-Loire Tours
89%
Ville-di-Pietrabugno, Furiani, Barbaggio, Patrimonio Bastia
87%
Pérenchies, Lompret, Lambersart, Saint-André-lez-..., La Madeleine, Marcq-en-Barœul, Mons-en-Barœul, Villeneuve-d'Ascq, Lezennes, Ronchin, Faches-Thumesnil, Wattignies, Loos, Sequedin, Englos, Ennetières-en-Weppes, Capinghem, Prémesques Lille
87%
Neuilly-sur-Seine, Levallois-Perret, Clichy, Saint-Ouen-sur-Seine, Saint-Denis, Aubervilliers, Pantin, Le Pré-Saint-Gervais, Les Lilas, Bagnolet, Montreuil, Saint-Mandé, Vincennes, Fontenay-sous-Bois, Nogent-sur-Marne, Joinville-le-Pont, Saint-Maurice, Charenton-le-Pont, Ivry-sur-Seine, Le Kremlin-Bicêtre, Gentilly, Montrouge, Malakoff, Vanves, Issy-les-Moulineaux, Boulogne-Billancourt, Saint-Cloud, Suresnes, Puteaux Paris
85%
Villanova, Alata, Afa, Sarrola-Carcopino, Bastelicaccia, Grosseto-Prugna Ajaccio
83%
Puiseux-Pontoise, Osny, Pontoise, Éragny, Neuville-sur-Oise, Vauréal, Courdimanche Cergy
83%
Koungou, Dembeni, Ouangani, Tsingoni Mamoudzou
80%
La Chapelle-sur-Erdre, Carquefou, Sainte-Luce-sur-Loire, Basse-Goulaine, Saint-Sébastien-sur-Loire, Vertou, Rezé, Bouguenais, Saint-Herblain, Orvault, Treillières Nantes
80%
Saint-Laurent-du-Var, La Gaude, Saint-Jeannet, Gattières, Colomars, Aspremont, Falicon, Saint-André-de-la-Roche, Tourrette-Levens, Cantaron, La Trinité, Èze, Villefranche-sur-Mer Nice
80%
Fenouillet, Fonbeauzard, Launaguet, L'Union, Balma, Quint-Fonsegrives, Saint-Orens-de-Gameville, Labège, Ramonville-Saint-Agne, Pechbusque, Vieille-..., Portet-sur-Garonne, Cugnaux, Tournefeuille, Colomiers, Blagnac, Beauzelle Toulouse
80%
Le Chesnay-Rocquencourt, Vaucresson, Marnes-la-Coquette, Ville-d'Avray, Viroflay, Vélizy-Villacoublay, Jouy-en-Josas, Buc, Guyancourt, Saint-Cyr-l'École, Bailly Versailles
80%
Blanquefort, Bassens, Lormont, Cenon, Floirac, Bègles, Talence, Pessac, Mérignac, Eysines, Le Bouscat, Bruges Bordeaux
78%
Cébazat, Gerzat, Malintrat, Aulnat, Lempdes, Cournon-d'Auvergne, Aubière, Beaumont, Ceyrat, Chamalières, Orcines, Durtol, Blanzat Clermont-Ferrand
78%
Guémar, Illhaeusern, Grussenheim, Jebsheim, Porte du Ried, Horbourg-Wihr, Sundhoffen, Sainte-Croix-en-Plaine, Wettolsheim, Wintzenheim, Ingersheim, Ammerschwihr, Kaysersberg Vignoble, Bennwihr, Houssen, Ostheim Colmar
78%
Ris-Orangis, Soisy-sur-Seine, Étiolles, Corbeil-Essonnes, Lisses, Bondoufle Évry-Courcouronnes
78%
Ollioules, Évenos, Le Revest-les-Eaux, La Valette-du-Var, La Garde Toulon
78%
Schœlcher, Fonds-Saint-Denis, Saint-Joseph, Le Lamentin Fort-de-France
76%
Champagne-au-Mont-d'Or, Saint-Didier-au-Mont-d'Or, Saint-Cyr-au-Mont-d'Or, Collonges-au-Mont-d'Or, Caluire-et-Cuire, Villeurbanne, Bron, Vénissieux, Saint-Fons, Oullins-Pierre-Bénite, Sainte-Foy-lès-..., Francheville, Tassin-la-Demi-Lune, Écully Lyon
76%
Plomelin, Pluguffan, Plonéis, Guengat, Plogonnec, Landrévarzec, Briec, Ergué-Gabéric, Saint-Évarzec, Pleuven, Gouesnach Quimper
76%
Maisons-Alfort, Saint-Maur-des-Fossés, Bonneuil-sur-Marne, Limeil-Brévannes, Valenton, Choisy-le-Roi, Alfortville Créteil
74%
Bezons, Colombes, La Garenne-Colombes, Courbevoie, Puteaux, Suresnes, Rueil-Malmaison, Chatou, Carrières-sur-Seine Nanterre
74%
Rivesaltes, Pia, Bompas, Villelongue-de-la-Salanque, Canet-en-Roussillon, Cabestany, Saleilles, Théza, Villeneuve-de-la-Raho, Pollestres, Canohès, Toulouges, Le Soler, Baho, Saint-Estève, Peyrestortes Perpignan
74%
Drancy, Bondy, Noisy-le-Sec, Romainville, Pantin, La Courneuve Bobigny
72%
Crampagna, Saint-Jean-de-Verges, Arabaux, Pradières, Montgaillard, Ferrières-sur-Ariège, Ganac, Saint-Pierre-de-Rivière, Cos, Vernajoul Foix
72%
Le Rove, Les Pennes-Mirabeau, Septèmes-les-Vallons, Simiane-Collongue, Plan-de-Cuques, Allauch, Aubagne, La Penne-sur-Huveaune, Cassis Marseille
72%
Sainte-Marie, Salazie, La Possession Saint-Denis
72%
Sorgues, Le Pontet, Vedène, Morières-lès-..., Caumont-sur-Durance, Noves, Châteaurenard, Rognonas, Barbentane, Les Angles, Villeneuve-lès-... Avignon
67%
Saint-Égrève, Saint-Martin-le-Vinoux, La Tronche, Saint-Martin-d'Hères, Eybens, Échirolles, Seyssins, Seyssinet-Pariset, Fontaine, Sassenage Grenoble
67%
Uchacq-et-Parentis, Saint-Avit, Mazerolles, Bretagne-de-Marsan, Saint-Pierre-du-Mont, Campet-et-Lamolère Mont-de-Marsan
67%
Avermes, Yzeure, Toulon-sur-Allier, Bressolles, Neuvy Moulins
67%
Maxéville, Malzéville, Saint-Max, Tomblaine, Jarville-la-Malgrange, Vandœuvre-lès-..., Villers-lès-..., Laxou Nancy
67%
Déville-lès-..., Mont-Saint-Aignan, Bois-Guillaume, Bihorel, Saint-Martin-du-Vivier, Darnétal, Saint-Léger-du-Bourg-Denis, Bonsecours, Sotteville-lès-..., Le Petit-Quevilly, Le Grand-Quevilly, Canteleu Rouen
67%
Arradon, Ploeren, Plescop, Saint-Avé, Saint-Nolff, Theix-Noyalo, Séné Vannes
67%
Bonnac-la-Côte, Rilhac-Rancon, Le Palais-sur-Vienne, Panazol, Feytiat, Le Vigen, Solignac, Condat-sur-Vienne, Isle, Verneuil-sur-Vienne, Saint-Gence, Couzeix, Chaptelat Limoges
65%
Épron, Hérouville-Saint-Clair, Mondeville, Cormelles-le-Royal, Ifs, Fleury-sur-Orne, Louvigny, Bretteville-sur-Odon, Carpiquet, Saint-Germain-la-Blanche-Herbe, Saint-Contest Caen
63%
Woippy, La Maxe, Saint-Julien-lès-..., Vantoux, Coincy, Ars-Laquenexy, Peeltre, Pouilly, Marly, Montigny-lès-..., Longeville-lès-..., Le Ban-Saint-Martin, Plappeville, Lorry-lès-... Metz
63%
Bourg-lès-..., Saint-Marcel-lès-..., Alixan, Montélier, Chabeuil, Malissard, Beaumont-lès-..., Montéléger, Portes-lès-..., Soyons, Guilherand-Granges Valence
63%
Pezens, Pennautier, Villemoustaussou, Villedubert, Berriac, Trèbes, Fontiès-d'Aude, Montirat, Palaja, Cazilhac, Cavanac, Couffoulens, Roullens, Lavalette, Caux-et-Souzens Carcassonne
61%
Saran, Fleury-les-Aubrais, Semoy, Saint-Jean-de-Braye, Saint-Jean-le-Blanc, Saint-Cyr-en-Val, Ardon, Olivet, Saint-Pryvé-Saint-mesmin, Saint-Jean-de-la-Ruelle Orléans
61%
Montgermont, Saint-Grégoire, Betton, Cesson-Sévigné, Chantepie, Noyal-Châtillon-sur-Seiche, Saint-Jacques-de-la-Lande, Le Rheu, Vezin-le-Coquet, Pacé Rennes
61%
Damigny, Valframbert, Cerisé, Saint-Paterne - Le Chevain, Arçonnay, Saint-Germain-du-Corbéis, Condé-sur-Sarthe Alençon
59%
Cantenay-Épinard, Écouflant, Saint-Barthélémy-d'Anjou, Trélazé, Les Ponts-de-Cé, Sainte-Gemmes-sur-Loire, Bouchemaine, Beaucouzé, Avrillé Angers
59%
Cagnac-les-Mines, Lescure-d'...geois, Saint-Juéry, Cunac, Cambon, Fréjairolles, Puygouzon, Saliès, Carlus, Le Sequestre, Rouffiac, Florentin, Marssac-sur-Tarn, Terssac, Castelnau-de-Lévis Albi
57%
Mouilleron-le-Captif, Dompierre-sur-Yon, La Ferrière, La Chaize-le-Vicomte, Rives de l'Yon, Nesmy, Aubigny-Les Clouzeaux, Venansault La Roche-sur-Yon
57%
Saint-Clément-de-Rivière, Montferrier-sur-Lez, Clapiers, Castelnau-le-Lez, Saint-Aunès, Mauguio, Lattes, Saint-Jean-de-Védas, Lavérune, Juvignac, Grabels Montpellier
57%
Saint-Yrieix-sur-Charente, Gond-Pontouvre, L'Isle-d'Espagnac, Soyaux, Dirac, Puymoyen, La Couronne, Saint-Michel, Fléac Angoulême
54%
Bogny-sur-Meuse, Nouzonville, Montcy-Notre-Dame, Aiglemont, La Grandville, Saint-Laurent, Villers-Semeuse, La Francheville, Prix-lès-..., Warcq, Damouzy Charleville-Mézières
54%
Asnières-lès-..., Bellefond, Ruffey-lès-Echirey, Saint-Apollinaire, Quetigny, Chevigny-Saint-Sauveur, Sennecey-lès-..., Neuilly-Crimolois, Longvic, Chenôve, Corcelles-les-Monts, Plombières-lès-..., Talant, Fontaine-lès-..., Ahuy Dijon
54%
Plérin, Langueux, Trégueux, Ploufragan Saint-Brieuc
54%
Saint-Priest-en-Jarez, La Tour-en-Jarez, La Talaudière, Saint-Jean-Bonnefonds, Saint-Chamond, La Valla-en-Gier, Le Bessat, Tarentaise, Saint-Genest-Malifaux, Planfoy, La Ricamarie, Roche-la-Molière, Saint-Genest-Lerpt, Villars Saint-Étienne
54%
Voglans, Sonnaz, Saint-Alban-Leysse, Bassens, Barberaz, Jacob-Bellecombette, Cognin, Saint-Sulpice, La Motte-Servolex Chambéry
52%
Polignac, Aiguilhe, Chadrac, Brives-Charensac, Coubon, Cussac-sur-Loire, Saint-Christophe-sur-Dolaison, Val-près-..., Espaly-Saint-Marcel Le Puy-en-Velay
52%
Voisenon, Rubelles, Maincy, Vaux-le-Pénil, La Rochette, Dammarie-les-Lys, Le Mée-sur-Seine, Vert-Saint-Denis Melun
52%
Montardon, Buros, Morlaàa, Idron, Bizanos, Mazères-Lezons, Gelos, Jurançon, Billère, Lons Pau
52%
Saint-Georges-Montcocq, Le Mesnil-Rouxelin, La Luzerne, Saint-André-de-l'Épine, La Barre-de-Semilly, Condé-sur-Vire, Baudre, Bourgvallées, Canisy, Saint-Gilles, Agneaux Saint-Lô
52%
Cuvat, Fillière, Argonay, Villaz, Nâves-Parmelan, Dingy-Saint-Clair, Alex, Veyrier-du-Lac, Sevrier, Quintal, Viuz-la-Chiésaz, Chapeiry, Montagny-les-Lanches, Chavanod, Poisy, Epagny Metz-Tessy, Sillingy, La Balme-de-Sillingy Annecy
50%
Monéteau, Villeneuve-Saint-Salves, Venoy, Quenne, Augy, Champs-sur-Yonne, Escolives-Sainte-Camille, Jussy, Vallan, Chevannes, Villefargeau, Saint-Georges-sur-Baulche, Perrigny Auxerre
50%
Aviron, Gravigny, Huest, Fauville, Le Vieil-..., Guichainville, Angerville-la-Campagne, Arnières-sur-Iton, Saint-Sébastien-de-Morsent, Parville, Gauville-la-Campagne Évreux
48%
Onet-le-Château, Sainte-Radegonde, Le Monastère, Olemps, Druelle Balsac Rodez
48%
Varennes-Vauzelles, Coulanges-lès-..., Saint-Éloi, Sermoise-sur-Loire, Challuy, Marzy Nevers
46%
Château-l'Évêque, Champcevinel, Trélissac, Boulazac Isle Manoire, Sanilhac, Coulounieix-Chamiers, Marsac-sur-l'Isle, Chancelade Périgueux
46%
Remire-Montjoly, Matoury Cayenne
43%
Lèves, Champhol, Gasville-Oisème, Nogent-le-Phaye, Gellainville, Le Coudrat, Luisant, Lucé, Mainvilliers Chartres
41%
Déols, Étrechet, Le Poinçonnet, Saint-Maur Châteauroux
41%
Monts-de-Randon, Chastel-Nouvel, Badaroux, Lanuéjols, Brenoux, Saint-Bauzile, Balsièges, Barjac Mende
41%
Foulayronnes, Pont-du-Casse, Bon-Encontre, Boé, Le Passage, Colayrac-Saint-Cirq Agen
39%
Vasselay, Fussy, Saint-Michel-de-Volangis, Saint-Germain-du-Puy, Osmoy, Soye-en-Septaine, Plaimpied-Givaudins, Trouy, Le Subdray, La Chapelle-Saint-Ursin, Marmagne, Saint-Doulchard Bourges
39%
Migné-Auxances, Buxerolles, Montamisé, Bignoux, Sèvres-Anxaumont, Mignaloux-Beauvoir, Saint-Benoît, Ligugé, Croutelle, Fontaine-le-Comte, Vouneuil-sous-Biard, Biard Poitiers
39%
Bordères-sur-l'Échez, Bours, Aureilhan, Séméac, Soues, Laloubère, Odos, Juillan, Ibos Tarbes
39%
Bonnay, Mérey-Vieilley, Vieilley, Braillans, Thise, Chalezeule, Montfaucon, Morre, Fontain, Beure, Avanne-Aveney, Franois, Serre-les-Sapins, Pouilley-les-Vignes, Pirey, École-Valentin, Châtillon-le-Duc, Tallenay Besançon
37%
Viriat, Jasseron, Saint-Just, Montagnat, Péronnas, Saint-Denis-lès-... Bourg-en-Bresse
37%
Calamane, Saint-Pierre-Lafeuille, Bellefont-La Rauze, Lamagdelaine, Arcambal, Flaujac-Poujols, Le Montat, Labastide-Marnhac, Trespoux-Rassiels, Pradines, Mercuès Cahors
37%
Changé, Bonchamp-lès-..., Entrammes, L'Huisserie, Montigné-le-Brillant, Saint-Berthevin Laval
37%
Naves, Gimel-les-Cascades, Chanac-les-Mines, Laguenne-sur-Avalouze, Sainte-Fortunade, Chameyrat Tulle
37%
Saint-Simon, Giou-de-Mamou, Arpajon-sur-Cère, Ytrac, Naucelles Aurillac
35%
Baillif, Saint-Claude, Gourbeyre Basse-Terre
35%
La Chapelle-Saint-Aubin, Saint-Pavace, Coulaines, Sargé-lès-..., Yvré-l'Évêque, Changé, Ruaudin, Mulsanne, Arnage, Allonnes, Rouillon, Trangé Le Mans
35%
Laizé, Charbonnières, Saint-Martin-Belle-Roche, Vésines, Sancé, Hurigny, Replonges, Crottet, Grièges, Varennes-lès-..., Vinzelles, Fuissé, Charnay-lès-... Mâcon
35%
Lyas, Coux, Alissas, Freyssenet, Saint-Priest, Veyras Privas
35%
Les Noës-près-..., La Chapelle-Saint-Luc, Lavau, Pont-Sainte-Marie, Saint-Parres-aux-Tertres, Saint-Julien-les-Villles, Rosières-près-..., Saint-André-les-Vergers, Sainte-Savine Troyes
35%
Dogneville, Jeuxey, Deyvillers, Aydoilles, La Baffe, Archettes, Arches, Dinozé, Dounoux, Uriménil, Renauvoid, Chantraine, Golbey Épinal
33%
Le Noyer, Poligny, La Fare-en-Champsaur, Laye, Saint-Laurent-du-Cros, Forest-Saint-Julien, La Rochette, Rambaud, Jarjayes, Lettret, Châteauvieux, Neffes, Pelleautier, La Freissinouse, La Roche-des-Arnauds, Rabou, Dévoluy Gap
33%
L'Houmeau, Lagord, Puilboreau, Périgny, Aytré La Rochelle
33%
Roquelaure, Preignan, Montaut-les-Créneaux, Leboulin, Montégut, Pessan, Pavie, Lasséran, Barran, Ordan-Larroque, Castin, Duran, Castillon-Massas Auch
30%
Tillé, Therdonne, Allonne, Saint-Martin-le-Nœud, Aux Marais, Goincourt, Le Mont-Saint-Adrien, Fouquenies, Troissereux Beauvais
30%
Aulnois-sous-..., Barenton-Bugny, Chambry, Athies-sous-..., Bruyères-et-Montbérault, Vorges, Presles-et-Thierny, Chivy-lès-Étouvelles, Clavy-et-Thierret, Molinchard, Cerny-lès-Bucy, Besny-et-Loizy Laon
30%
Évette-Salbert, Valdoie, Offemont, Denney, Pérouse, Danjoutin, Bavilliers, Essert, Cravanche Belfort
28%
Saint-Fiel, Saint-Feyre, Savennes, Saint-Christophe, La Chapelle-Taillefert, Saint-Léger-le-...ois, Saint-Sulpice-le-...ois Guéret
28%
Saint-Rémy, Sciecq, Echiré, Saint-Gelais, Chauray, Vouillé, Aiffres, Saint-Symphorien, Bessines, Magné, Coulon Niort
26%
Poulainville, Allonville, Rivery, Camon, Longueau, Cagny, Saint-Fuscien, Dury, Salouël, Pont-de-Metz, Saveuse, Dreuil-lès-..., Argœuves Amiens
24%
Anzin-Saint-Aubin, Sainte-Catherine, Saint-Nicolas, Saint-Laurent-Blangy, Tilloy-lès-Mofflaines, Beaurains, Achicourt, Dainville, Duisans Arras
24%
Fains-Véel, Behonne, Naives-Rosières, Resson, Longeville-en-...rois, Savonnières-devant-..., Montplonne, Combles-en-...rois Bar-le-Duc
24%
Villebarou, La Chaussée-Saint-Victor, Vineuil, Saint-Gervais-la-Forêt, Chailles, Valloire-sur-Cisse, Valencisse, Saint-Sulpice-de-Pommeray Blois
24%
Gajan, La Rouvière, La Calmette, Dions, Sainte-Anastasie, Poulx, Marguerittes, Rodilhan, Bouillargues, Caissargues, Saint-Gilles, Générac, Milhaud, Caveirac, Clarensac, Parignargues Nîmes
24%
Villeneuve-sous-Pymont, Chille, Pannessières, Perrigny, Montaigu, Macornay, Courbouzon, Montmorot Lons-le-Saunier
22%
Piquecos, L'Honor-de-Cos, Lamothe-Capdeville, Albias, Saint-Étienne-de-Tulmont, Léojac, Saint-Nauphary, Corbarieu, Labastide-Saint-Pierre, Bressols, Lacourt-Saint-Pierre, Montbeton, Albefeuille-Lagarde, Villemade Montauban
20%
Pusey, Pusy-et-Épenoux, Coulevon, Frotey-lès-..., Quincey, Navenne, Échenoz-la-Méline, Noidans-lès-..., Vaivre-et-Montoille Vesoul
20%
Saint-Martin-sur-le-pré, L'Épine, Saint-Memmie, Sarry, Compertrix, Fagnières Châlons-en-Champagne
17%
La Robine-sur-Galabre, Marcoux, Archail, Tartonne, Clumanc, Chaudon-Norante, Entrages, Châteauredon, Le Chaffaut-Saint-Jurson, Aiglun, Champtercier, Thoard Digne-les-Bains
17%
Condes, Treix, Biesles, Laville-aux-Bois, Chamarandes-Choignes, Verbiesles, Neuilly-sur-Suize, Richebourg, Semoutiers-Montsaon, Villiers-le-Sec, Jonchery Chaumont
15%
Aucun quiz correspondant
Distribution des résultats
% des personnes avec chaque résultat
Percentile par nombre de réponses
Votre historique - résultats
Vous n’avez pas pris ce quiz